Представление документа в формате RUSMARC

ПолеНазваниеЗначение
  Тип записи i
  Библиографический уровень m
001 Контрольный номер RU/IS/BASE/321726642
005 Дата корректировки 20230518101721.2
010 Индекс ISBN __
d Цена 132-00; 122-00
101 Язык документа 0_
a Язык текста rus
c Язык оригинала rus
200 Заглавие и сведения об ответственности 1_
a Заглавие Горе от ума
e Сведения, относящиеся к заглавию [аудиокнига : комедия]
f Первые сведения об ответственности А. С. Грибоедов ; читает Игорь Добряков
b Общее обозначение материала Звукозапись
210 Выходные данные 1_
a Место издания М.
c Издательство Аудиокнига
d Дата издания 2007
215 Физическое описание __
a Объем 1 электрон. опт. диск (Audio CD)
225 Серия 2_
a Серия Школьная библиотека
300 Общие примечания __
a Общие примечания CD-плеер с поддержкой MP3 ; Pentium-233 ; Windows 9x-XP ; CD-ROM ; звуковая карта ; AudioCD ; 128 kbps. - Изд. в футл. - Свед. об изд. указ. на суперобл.
323 Примечание о главных создателях, исполнителях, участниках __
a Примечание о главных создателях, исполнителях, участниках Добряков, И. (читает)
330 Аннотация __
a Аннотация Произведение, в котором отразилась целая историческая эпоха. Драматический конфликт комедии был выражением борьбы двух общественных лагерей: феодально-крепостнической реакции и передовой молодежи. Молчалин стал нарицательным обозначением лакейского угодничества и лицемерия, символом морального рабства.
333 Примечание о целевом назначении __
a Примечание о целевом назначении 16+. Для детей старше 16 лет
606 Тематические рубрики __
a Основная рубрика Художественная литература
z Хронологическая подрубрика 19 в.
y Географическая подрубрика Россия
606 Тематические рубрики __
a Основная рубрика Русская литература XIX в. (произведения)
610 Ключевые слова 0_
a Ключевые слова комедии; литературные персонажи; Чацкий; Фамусов; Молчалин; пьесы; тема крепостничества; тема молодежи; тема нравственности; тема морали; тема обмана; тема благородства; литературные герои; литературные персонажи; классическая литература
686 Индексы других классификаций __
a Классификационный индекс 84(2=411.2)52-6я04; ст84(2Рос=Рус)1-6я04
700 Автор _1
a Фамилия Грибоедов
b Имя А. С.
g Полное личное имя Александр Сергеевич
4 Код отношения 070
801 Источник записи _0
a Страна RU
b Организация Муниципальное бюджетное учреждение культуры "Централизованная библиотечная система" г. Сургут (Центральная городская библиотека им. А. С. Пушкина)
g Правила каталогизации КиК/Поспелова
801 Источник записи _1
a Страна RU
b Организация Муниципальное бюджетное учреждение культуры "Централизованная библиотечная система" г. Сургут (Центральная городская библиотека им. А. С. Пушкина)
g Правила каталогизации КиК/Поспелова
852 Данные о местонахождении __
j Шифр хранения 84(2=411.2)52-6я04
c Каталожный индекс 84(2Рос=Рус)1-6я04
i Авторский знак Г 82
901 Тип документа __
t Тип документа 0
903 Характеристики (МАРС) __
a Дата передачи 20100316
969 Тип издания __
a Тип издания аудиокнига
990 Данные о заказе (DOS) __
j Количество экземпляров (DOS) 5
h N записи в КСУ для Б/У (DOS) 201004